| 000 | 01054 a2200229 4500 | ||
|---|---|---|---|
| 001 | 107 | ||
| 005 | 20260407155410.0 | ||
| 008 | 260407a2003 arg spa d | ||
| 003 | AR-UNSa-BCEJYS | ||
| 040 |
_aAR-UNSa-BCEJYS _bspa _cAR-UNSa-BCEJYS |
||
| 080 |
_a658.8 _xOrganización de mercados. Marketing. Ventas. Distribución |
||
| 245 | 1 | 0 |
_aNociones básicas Marketing _pcon Microsoft Word y Microsoft Excel |
| 020 | _a978-987-20416-4-9 | ||
| 264 | 1 |
_aBuenos Aires : _bEdiciones Maurina _c2003 |
|
| 300 |
_a182 p. _c22 cm |
||
| 505 | _a1. Visión, misión y planeamiento - 2. Posicionamiento e imágen de marca - 3. Ciclo de vida de la marca - 4. Investigación de mercados - 5. Marketing directo - 6. Las promociones - 7. El cliente - 8. Relaciones públicas - 9. Publicidad y diseño - 10. E-Marketing | ||
| 041 | _aspa | ||
| 942 | _cBK | ||
| 590 | _aniveau_biblio:m niveau_hierar:0 | ||
| 100 | 1 | _aSabatino, Mariano H. | |
| 856 | 4 | 1 |
_uhttps://biblioeco.unsa.edu.ar/pmb/images/libros/Marketing con word y excel2-l117374.jpg _yImagen de portada _qimage/jpeg |
| 999 |
_c82 _d82 |
||